[Event "Heusenstamm Sparkassen op-A 6th"]
[Site "Heusenstamm"]
[Date "2019.11.21"]
[Round "1"]
[White "Bobrowski, Damian"]
[Black "Junker, Christian"]
[Result "0-1"]
[WhiteElo "1617"]
[BlackElo "2011"]
[PlyCount "57"]
[EventDate "2019.11.21"]
[EventType "swiss"]
[EventRounds "7"]
[EventCountry "GER"]
[SourceTitle "CBM 194 Extra"]
[Source "ChessBase"]
[SourceDate "2020.03.31"]
[SourceVersion "1"]
[SourceVersionDate "2020.03.31"]
[SourceQuality "1"]

1. d4 f5 2. Bf4 e6 3. e3 Nf6 4. h3 Be7 5. Bd3 d5 6. Nd2 c6 7. g4 0-0 8. Ngf3 Ne4 9. Qe2 c5 10. gxf5 exf5 11. c3 Nc6 12. Rg1 c4 13. Bc2 b5 14. 0-0-0 b4 15. Nxe4 fxe4 16. Bxe4 bxc3 17. Bxh7+ Kxh7 18. Ng5+ Bxg5 19. Qh5+ Kg8 20. Rxg5 cxb2+ 21. Kxb2 Rf7 22. Rdg1 Ne7 23. Be5 Nf5 24. Rg6 c3+ 25. Kc1 Bd7 26. Qf3 Qa5 27. Qe2 Qa3+ 28. Kb1 Rc8 29. Qc2 0-1

[Event "Krakow op-B 29th"]
[Site "Krakow"]
[Date "2019.01.02"]
[Round "7"]
[White "Dzida, Kamil"]
[Black "Bobrowski, Damian"]
[Result "1-0"]
[WhiteElo "1951"]
[BlackElo "1597"]
[PlyCount "65"]
[EventDate "2018.12.27"]
[EventType "swiss"]
[EventRounds "9"]
[EventCountry "POL"]
[SourceTitle "CBM 189 Extra"]
[Source "ChessBase"]
[SourceDate "2019.05.31"]
[SourceVersion "1"]
[SourceVersionDate "2019.05.31"]
[SourceQuality "1"]

1. e4 e6 2. d4 d5 3. Nd2 dxe4 4. Nxe4 Bd7 5. Nf3 Bc6 6. Bd3 Nd7 7. 0-0 Ngf6 8. Qe2 Nxe4 9. Bxe4 Bxe4 10. Qxe4 c6 11. c4 Nf6 12. Qe2 Qc7 13. b3 Be7 14. Bb2 0-0 15. Rad1 Rad8 16. Rfe1 Qa5 17. Qc2 Nd7 18. Ba1 Bb4 19. Re3 Qh5 20. Rdd3 Bd6 21. h3 Bb8 22. Bb2 Qg6 23. Qe2 b6 24. b4 Rfe8 25. a3 b5 26. cxb5 cxb5 27. d5 e5 28. Rd1 e4 29. Nh4 Qg5 30. Rxe4 Rxe4 31. Qxe4 Nf6 32. Qe7 Rxd5 33. Qd8+ 1-0

[Event "Krakow op-B 29th"]
[Site "Krakow"]
[Date "2018.12.27"]
[Round "1"]
[White "Kawula, Andrzej"]
[Black "Bobrowski, Damian"]
[Result "1-0"]
[WhiteElo "1902"]
[BlackElo "1597"]
[PlyCount "75"]
[EventDate "2018.12.27"]
[EventType "swiss"]
[EventRounds "9"]
[EventCountry "POL"]
[SourceTitle "CBM 189 Extra"]
[Source "ChessBase"]
[SourceDate "2019.05.31"]
[SourceVersion "1"]
[SourceVersionDate "2019.05.31"]
[SourceQuality "1"]

1. d4 d5 2. c4 e6 3. Nf3 Nf6 4. e3 Be7 5. Nc3 Nbd7 6. Bd3 b6 7. 0-0 Bb7 8. Re1 Ne4 9. cxd5 Nxc3 10. bxc3 exd5 11. e4 dxe4 12. Bxe4 Bxe4 13. Rxe4 0-0 14. Qe2 Bd6 15. Bg5 f6 16. Qc4+ Kh8 17. Bf4 Bxf4 18. Rxf4 Re8 19. Re1 Rxe1+ 20. Nxe1 Qe7 21. Nc2 Re8 22. Rf3 Qe2 23. Qxe2 Rxe2 24. Re3 Rxe3 25. fxe3 c5 26. Kf2 Kg8 27. e4 Kf7 28. Ke3 Ke7 29. Kf4 Kd6 30. Ne3 g6 31. g4 Nf8 32. d5 Nd7 33. Nc4+ Ke7 34. h4 b5 35. Na5 Kd6 36. g5 fxg5+ 37. hxg5 Nb6 38. Nb7+ 1-0